000 00652nam a2200193 a 4500
005 20240320063628.0
008 180321s1999 mx r 000 0 spa d
035 _aUPN01000223882
049 _aUNE
050 4 _aJA79
_bI5.3
245 0 0 _aIncertidumbre, cambio y decisión :
_bética y política ante el nuevo siglo /
_cdir. Jorge Nieto Montesinos.
260 _aMéxico :
_bUnidad para la Cultura Democrática y la Gobernabilidad de la UNESCO,
_c1999.
300 _a142 p.
440 0 _aDemos
650 4 _aÉtica política
_97545
650 7 _aÉtica social
_2
_99124
700 1 _aNieto Montesinos, Jorge,
_d1951-
_edir.
_943005
905 _aLibro
999 _c195979
_d195979